Europejska Geografia na literę W- 1 - Statystyki

Ogólne statystyki
  • Ten quiz został rozwiązany 88 razy
  • Średni wynik to 11 z 14
Statystyki odpowiedzi
Wskazówka Odpowiedź % Poprawnych
Państwo, które w 2020r. opuściło UE Wielka Brytania
100%
Trzecia co do wielkości rzeka w Polsce Warta
96%
Najdłuższa europejska rzeka Wołga
91%
W tym mieście znajduje się największy polski ogród zoologiczny Wrocław
90%
Polska rzeka, której źródło znajduje się na Baraniej Górze w Beskidzie Śląskim Wisła
88%
W tym kraju swoją funkcję pełni gwardia szwajcarska Watykan
86%
Kraj, który w 2006r. zdobył Mistrzostwo Świata w piłce nożnej mężczyzn Włochy
85%
Wulkan na półwyspie Apenińskim Wezuwiusz
84%
Jedną z największych atrakcji tego miasta jest Pałac Schönbrunn Wiedeń
81%
Historyczna kraina, w której w 1943 roku odbyło się ludobójstwo przez ukraińskich nacjonalistów Wołyń
78%
Działa tam Vaporetto tzn. transport publiczny działający na kanałach Wenecja
77%
Księciem tego regionu jest Wilhelm (William Arthur Philip Louis) Walia
65%
Według legendy założycielem tej stolicy był Książę Giedymin Wilno
63%
Czeska rzeka, lewy największy dopływ Łaby Wełtawa
42%
Nie znaleziono quizów pasujących do podanych kryteriów
Rozkład punktacji
Procent ludzi z każdym wynikiem
Percentyl według liczby udzielonych odpowiedzi
Twoja historia wyników
Nie rozwiązałeś tego quizu